000
00217nam a22000857a 4500
008
161114b xxu||||| |||| 00| 0 eng d
100
_9
1191
_a
Mirza.L.
245
_a
The Joy of Mathematics-2
260
_a
New Delhi
_b
Frank
_c
2012
999
_c
3878
_d
3878